| 000 | 00891nam a22002777a 4500 | ||
|---|---|---|---|
| 001 | BR7301972 | ||
| 003 | BR-BrBNA | ||
| 005 | 20230928083909.0 | ||
| 007 | ta | ||
| 008 | 230509b bl.||||| |||| 00| 0 por d | ||
| 040 |
_aBR-BrBNA _bpor _cBiblioteca Nacional de Agricultura |
||
| 041 | _a(Por) | ||
| 072 |
_aE15; L00; U10 _b6100 _b/G514 |
||
| 090 | _ 6100 BR7301972 | ||
| 100 | 1 | _aValentini, R. | |
| 110 | 1 |
_aEscola Superior de Agricultura Luiz de Queiroz, Piracicaba, SP (Brasil) _0Tese (Doutor em Agronomia) |
|
| 245 | 1 | _aAnalise economica do arracoamento de frangos de corte [Brasil] | |
| 260 | 3 |
_aPiracicaba, SP (Brasil): _c1970. |
|
| 300 | _a239 p. | ||
| 500 | _a56 graphs; 122 tables; 33 ref.; Summaries (Eng, Por); Microficha | ||
| 650 | _aFRANGO DE CORTE | ||
| 650 | _aANALISE ECONOMICA | ||
| 650 | _aARRACOAMENTO | ||
| 909 |
_a202309 _bLucia _c55 _dLucia Elande |
||
| 942 | _cBK | ||
| 999 |
_c15737 _d15737 |
||